000
00233nam a2200097Ia 4500
008
191206s9999 xx 000 0 und d
020
_a
9.78034E+12
090
_a
QH541.5D4
245
0
_a
Arid ansd semi Arid environments
260
_c
c2002
999
_c
15483
_d
15483